000 00763nam a2200253Ia 4500
003 OSt
005 20220925210953.0
006 a|||||r|||| 00| 0
007 ta
008 220923b |||||||| |||| 00| 0 eng d
020 _a8170440580
_c130.00
037 _b67, 20/08/1987, Indu
_cGeneral Book
040 _aRTL
_cRTL
_beng
041 _2eng
_aeng
082 _aX9(J):6.2.N8, M7
100 _aMehrotra S R
245 0 _aInstitutional credit and agricultural growth
260 _aJaipur
_bPrintwell Publishers India
_c1987
300 _axii,157p
_ccm.
500 _aBibliography P 144-52
650 _aAgriculture Industry
942 _hX9(J):6.2.N8, M7
_cGB
_2CC
999 _c556348
_d556348